Statistics for 大乱闘スマッシュブラザーズXの登場キャラ

Click here to take the quiz!

General Stats

  • This quiz has been taken 251 times
  • The average score is 27 of 40

Answer Stats

Answer% Correct
マリオ
99%
ルイージ
98%
ピーチ
90%
クッパ
88%
リンク
87%
カービィ
85%
ピカチュウ
83%
ドンキーコング
81%
ゼルダ
77%
サムス
76%
ネス
75%
ワリオ
75%
メタナイト
74%
デデデ
73%
プリン
72%
フォックス
72%
ヨッシー
71%
ガノンドロフ
71%
ポケモントレーナー
70%
キャプテン・ファルコン
66%
マルス
66%
ルカリオ
66%
リュカ
65%
ファルコ
64%
スネーク
63%
アイク
63%
ソニック
62%
ロボット
60%
トゥーンリンク
59%
ピット
58%
ゼロスーツサムス
58%
ディディーコング
56%
シーク
54%
アイスクライマー
53%
ウルフ
50%
Mr.ゲーム&ウォッチ
50%
ピクミン&オリマー
46%
リザードン
46%
ゼニガメ
37%
フシギソウ
35%

Score Distribution

Percentile by Number Answered

Percent of People with Each Score

Your Score History

You have not taken this quiz